Đạo đức trong nền công vụ

Zapisane w:
Opis bibliograficzny
1. autor: Tô Tử Hạ
Format: Książka
Język:Undetermined
Wydane: H. LĐXH 2002
Hasła przedmiotowe:
Etykiety: Dodaj etykietę
Nie ma etykietki, Dołącz pierwszą etykiete!
Thư viện lưu trữ: Trung tâm Học liệu Trường Đại học Cần Thơ
LEADER 00530nam a2200181Ia 4500
001 CTU_53852
008 210402s9999 xx 000 0 und d
020 |b 35000 
082 |a 324.2597075 
082 |b H100 
100 |a Tô Tử Hạ 
245 0 |a Đạo đức trong nền công vụ 
245 0 |c Tô Tử Hạ, Trần Anh Tuấn và Nguyễn Thị Kim Thảo 
260 |a H. 
260 |b LĐXH 
260 |c 2002 
650 |a communist ethics 
980 |a Trung tâm Học liệu Trường Đại học Cần Thơ